Les différents types de Singes - Statistiques

Statistiques générales
  • Ce quiz a été pris 75 fois
  • Le résultat moyen est 2 sur 10
Statistiques - réponses
Par images Réponse % Correct
Mandrill
93%
Bonobo
91%
Nasique
70%
Singe hurleur
45%
Orang-outan de Bornéo
40%
Orang-outan de Sumatra
38%
Gibbon à mains blanches
33%
Drill
20%
Gibbon noir
14%
Gorille de l'Ouest
13%
Ouistiti à toupets blancs
13%
Babouin de Guinée
11%
Siamang
11%
Gorille de l'Est
10%
Babouin Hamadryas
9%
Singe hurleur à manteau
9%
Babouin chacma
0%
Babouin jaune
0%
Babouin olive
0%
Chimpanzé commun
0%
Gibbon à bonnet
0%
Gibbon agile
0%
Gibbon cendré
0%
Gibbon de Hainan
0%
Gibbon de Müller
0%
Gibbon hoolock occidental
0%
Langur à capuchon
0%
Langur de Delacour
0%
Langur de Java
0%
Mangabey couronné
0%
Mangabey noir
0%
Nasique des îles Pagai
0%
Siamang de Kloss
0%
Singe araignée à tête brune
0%
Singe araignée aux mains noires
0%
Singe araignée commun
0%
Singe hurleur du Guatemala
0%
Singe hurleur noir
0%
Singe hurleur roux
0%
Unau/Paresseux à deux doigts
0%
Aucun quiz correspondant
Distribution des résultats
% des personnes avec chaque résultat
Percentile par nombre de réponses
Votre historique - résultats
Vous n’avez pas pris ce quiz